Normal view
MARC view
Entry Personal Name
001 - CONTROL NUMBER
- control field: 5507
003 - CONTROL NUMBER IDENTIFIER
- control field: OSt
005 - DATE AND TIME OF LATEST TRANSACTION
- control field: 20110614112704.0
008 - FIXED-LENGTH DATA ELEMENTS
- fixed length control field: 110614|||a|||||| | ||| d
040 ## - CATALOGING SOURCE
- Original cataloging agency: OSt
- Transcribing agency: OSt
100 ## - HEADING--PERSONAL NAME
- Personal name: Harris, Brian,
- Dates associated with a name: 1932-
670 ## - SOURCE DATA FOUND
- Source citation: Work cat.: (OSt): Clarke Hall and Morrison on children Vol.1 /, c 1997-
